[Event "10th Khazar Cup International Open Chess Tournamen
[Site "Rasht"]
[Date "2012.03.04"]
[Round "6"]
[Board "1"]
[White "Tiviakov, Sergei"]
[Black "Javanbakht, Nima"]
[Result "1-0"]
[WhiteElo "2677"]
[BlackElo "2389"]
[PlyCount "147"]
[EventDate "2012.02.29"]
[EventRounds "11"]
[EventCountry "IRI"]

1. e4 c5 2. Nf3 Nc6 3. Bb5 d6 4. O-O Bd7 5. Re1 Nf6 6. c3 a6 7. Ba4 b5 8. Bc2
e5 9. h3 Be7 10. d4 O-O 11. d5 Na5 12. Nxe5 dxe5 13. d6 Bc6 14. dxe7 Qxe7 15.
Nd2 Rad8 16. Qe2 Nb7 17. b3 Rd7 18. Nf1 Nd8 19. Ng3 Ne6 20. Be3 g6 21. a4 h5
22. axb5 axb5 23. Ra6 Rc8 24. Qf3 b4 25. cxb4 cxb4 26. Bb1 Bb7 27. Rb6 Kg7 28.
Nf5+ gxf5 29. Qxf5 Rc5 30. Rxb4 Ra5 31. Rb6 Qd8 32. Kh2 Bc8 33. Rc1 Rc7 34. Re1
Rc3 35. Rb8 Qc7 36. Bd2 Qxb8 37. Bxc3 Rc5 38. Bd2 Nf4 39. Qg5+ Ng6 40. b4 Rc6
41. Qh6+ Kg8 42. Rd1 Bg4 43. f3 Bd7 44. Bg5 Qf8 45. Qxf8+ Nxf8 46. Kg3 Kg7 47.
Be3 Rc3 48. Bd2 Ra3 49. Rc1 Ng6 50. Kf2 h4 51. Rc5 Rb3 52. Bc2 Rb2 53. Ke1 Be6
54. Kd1 Nd7 55. Rc6 $2 Nf4 $5 56. Kc1 Ra2 57. Bxf4 exf4 58. Kb1 Ra7 59. Kb2 Ne5
60. Rc5 Kf6 61. Kc3 Ra2 62. b5 Ra3+ 63. Kd4 Ng6 $2 (63... Nd7 $142 $19) 64. b6
Ra8 65. e5+ Ke7 66. b7 Rd8+ 67. Kc3 Nf8 68. Be4 Nd7 69. Rc7 Rb8 70. Rc8 f6 71.
exf6+ Kxf6 72. Kb4 Ke5 73. Bc6 Kd6 74. Kc3 {Black time is finieshed} 1-0

[Event "10th Khazar Cup International Open Chess Tournamen
[Site "Rasht"]
[Date "2012.03.04"]
[Round "6"]
[Board "1"]
[White "Khademi, Mohammad Miran"]
[Black "Toufighi, Homayoon"]
[Result "0-1"]
[WhiteElo "2305"]
[BlackElo "2444"]
[PlyCount "72"]
[EventDate "2012.02.29"]
[EventRounds "11"]
[EventCountry "IRI"]

1. f4 d6 2. e4 g6 3. Nf3 Bg7 4. d3 c5 5. g3 Nc6 6. c3 e6 7. Bg2 Nge7 8. Be3 O-O
9. O-O b5 10. a3 Rb8 11. d4 cxd4 12. Nxd4 a5 13. Nd2 Nxd4 14. Bxd4 Bxd4+ 15.
cxd4 Qb6 16. Nf3 Bb7 17. Re1 Rbc8 18. Qd2 Rc7 19. Rad1 Rfc8 20. f5 $2 (20. Qf2
$142) 20... exf5 21. exf5 Nxf5 22. g4 Rc2 23. Qf4 Rxg2+ 24. Kxg2 Nh4+ 25. Kg3
Nxf3 26. Re7 Rf8 27. Rd3 Bd5 28. Rxf3 Bxf3 29. Kxf3 Qc6+ 30. Kg3 Qd5 31. Kh4 h6
32. Kg3 Rc8 33. Re2 Kg7 34. h4 Rc4 35. Re4 g5 36. Qe3 Rc2 0-1

[Event "10th Khazar Cup International Open Chess Tournamen
[Site "Rasht"]
[Date "2012.03.04"]
[Round "7"]
[Board "1"]
[White "Sharbaf, Mohsen"]
[Black "Korneev, Oleg"]
[Result "1/2-1/2"]
[WhiteElo "2387"]
[BlackElo "2584"]
[PlyCount "130"]
[EventDate "2012.02.29"]
[EventRounds "11"]
[EventCountry "IRI"]

1. Nf3 d5 2. b3 Bg4 3. Ne5 Bf5 4. Bb2 f6 5. Nf3 e5 6. e3 Bd6 7. d4 e4 8. Nfd2
Ne7 9. Ba3 Bxa3 10. Nxa3 c6 11. c4 O-O 12. b4 a6 13. Nab1 Nd7 14. Nc3 Be6 15.
g3 f5 16. c5 g5 17. f4 exf3 18. Nxf3 Ng6 19. Bd3 f4 20. gxf4 gxf4 21. Rg1 Bf5
$11 22. Rg5 Bxd3 23. Qxd3 Qe7 24. Rxg6+ hxg6 25. Qxg6+ Qg7 26. Qe6+ Kh8 27.
Qh3+ Qh7 28. Qxh7+ Kxh7 29. e4 dxe4 30. Nxe4 Rae8 31. Kf2 Nf6 32. Nxf6+ Rxf6
33. Rd1 Rf5 34. Rd3 Kg7 35. a4 Kf6 36. Rb3 Rh5 37. h4 Kf5 38. b5 axb5 39. axb5
Re3 40. Rxe3 fxe3+ 41. Kxe3 cxb5 42. d5 Kf6 43. Ke4 b4 44. c6 bxc6 45. dxc6 Rc5
46. Nd4 Rc3 47. Kd5 Ke7 48. Nb5 Rc1 49. Nd4 Rc3 50. Nb5 Rh3 51. Kc5 b3 52. c7
Kd7 53. Kb6 Rxh4 54. Nd6 Rh8 55. Nc4 Kc8 56. Nd6+ Kd7 57. Nc4 Rc8 58. Ne5+ Kd6
59. Nc4+ Kd7 60. Ne5+ Kd6 61. Nc4+ Kd5 62. Nb2 Kd4 63. Kb7 Rh8 64. c8=Q Rxc8
65. Kxc8 Kc3 1/2-1/2

[Event "10th Khazar Cup International Open Chess Tournamen
[Site "Rasht"]
[Date "2012.03.04"]
[Round "7"]
[Board "1"]
[White "Idani, Pouya"]
[Black "Azaladze, Shota"]
[Result "1-0"]
[WhiteElo "2448"]
[BlackElo "2403"]
[PlyCount "87"]
[EventDate "2012.02.29"]
[EventRounds "11"]
[EventCountry "IRI"]

1. e4 c6 2. d4 d5 3. e5 Bf5 4. Nf3 e6 5. Be2 Ne7 6. Nbd2 Bg6 7. O-O Nf5 8. c4
h6 9. Qb3 Qb6 10. c5 Qxb3 11. axb3 Be7 12. g4 Nh4 13. Nxh4 Bxh4 14. f4 Bd8 15.
b4 b5 16. f5 Bh7 17. Nb3 a6 18. Ra3 Ra7 19. Na5 h5 20. Rh3 h4 21. f6 gxf6 22.
exf6 Be4 23. Bg5 Bxa5 24. bxa5 Nd7 25. Rxh4 Rg8 26. Be3 e5 27. Rh5 exd4 28.
Bxd4 Nf8 29. Re5+ Ne6 30. Be3 Rh8 31. g5 Rh3 32. Bf4 Kf8 33. Bg3 Rh7 34. b4 Ra8
35. Bg4 Re8 36. Rd1 Bg6 37. h4 Bh5 38. Bf5 Bxd1 39. Bxh7 Bg4 40. Re1 Rd8 41.
Bd6+ Ke8 42. g6 fxg6 43. Bxg6+ Kd7 44. f7 1-0

[Event "10th Khazar Cup International Open Chess Tournamen
[Site "Rasht"]
[Date "2012.03.04"]
[Round "7"]
[Board "1"]
[White "Toufighi, Homayoon"]
[Black "Tiviakov, Sergei"]
[Result "1/2-1/2"]
[WhiteElo "2444"]
[BlackElo "2677"]
[PlyCount "72"]
[EventDate "2012.02.29"]
[EventRounds "11"]
[EventCountry "IRI"]

1. e4 c5 2. Nf3 d6 3. Bb5+ Nd7 4. O-O Ngf6 5. Re1 a6 6. Bxd7+ Nxd7 7. c3 e6 8.
d4 Be7 9. Nbd2 cxd4 10. cxd4 O-O 11. Nf1 b5 12. a4 bxa4 13. Qxa4 Bb7 14. Bd2
Nf6 15. Ng3 Qd7 16. Qxd7 Nxd7 17. Rec1 Rfc8 18. Bb4 Kf8 19. Nd2 Nb6 20. Ba5
Rxc1+ 21. Rxc1 Rc8 22. Rxc8+ Nxc8 23. Kf1 Bc6 24. Ke2 Bg5 25. Nf3 Bf6 26. Ke3
g6 27. Ne2 Ke8 28. Nc3 Bg7 29. Nd2 f5 30. f3 h5 31. Nc4 Bh6+ 32. Kd3 fxe4+ 33.
fxe4 h4 34. d5 exd5 35. Nxd5 Kf7 36. Bd2 Bxd2 1/2-1/2

[Event "10th Khazar Cup International Open Chess Tournamen
[Site "Rasht"]
[Date "2012.03.04"]
[Round "7"]
[Board "1"]
[White "Quparadze, Giga"]
[Black "Gaprindashvili, Valeriane"]
[Result "1-0"]
[WhiteElo "2451"]
[BlackElo "2400"]
[PlyCount "61"]
[EventDate "2012.02.29"]
[EventRounds "11"]
[EventCountry "IRI"]

1. e4 e6 2. d4 d5 3. Nd2 dxe4 4. Nxe4 Nd7 5. Nf3 Ngf6 6. Nxf6+ Nxf6 7. c3 c5 8.
Ne5 a6 9. Be3 Qc7 10. Be2 Bd6 11. Nc4 Be7 12. dxc5 Bxc5 13. Bxc5 Qxc5 14. Qd6
Qxd6 15. Nxd6+ Ke7 16. O-O-O Rd8 17. Nc4 Bd7 18. Bf3 Rab8 19. Ne5 Ne8 20. c4 f6
21. Nxd7 Rxd7 22. Rxd7+ Kxd7 23. c5 b6 24. Rd1+ Kc7 25. cxb6+ Rxb6 26. a3 Nd6
27. Kc2 e5 28. Rd5 Nb5 29. Be4 g6 30. Bd3 Nd4+ 31. Kb1 1-0

[Event "10th Khazar Cup International Open Chess Tournamen
[Site "Rasht"]
[Date "2012.03.04"]
[Round "7"]
[Board "1"]
[White "Khademalsharieh, Sarasadat"]
[Black "Benidze, Davit"]
[Result "1/2-1/2"]
[WhiteElo "2230"]
[BlackElo "2516"]
[PlyCount "86"]
[EventDate "2012.02.29"]
[EventRounds "11"]
[EventCountry "IRI"]

1. d4 Nf6 2. Nf3 e6 3. c4 b6 4. g3 Ba6 5. Qa4 Be7 6. Bg2 O-O 7. O-O c6 8. Bf4
b5 9. cxb5 cxb5 10. Qb3 Nc6 11. Ne5 Na5 12. Qd3 Rc8 13. a4 Qb6 14. axb5 Bxb5
15. Qd1 d6 16. Nd3 Bc6 17. Nd2 Bxg2 18. Kxg2 Nc6 19. Nf3 Nd5 20. Qa4 Nxf4+ 21.
gxf4 a5 22. Rfc1 Qb7 23. Rc3 Rc7 24. Rac1 Rfc8 25. Qc2 Bf6 26. Kg1 g6 27. e3
Kg7 28. Nd2 Qb5 29. Ne4 Be7 30. Qd1 Qd5 31. Qf3 Qb5 32. Qd1 Qxb2 33. Qa4 Qb6
34. Nd2 d5 35. Nb3 Bd6 36. Nbc5 Nb4 37. Rb3 Bxc5 38. dxc5 Qa7 39. Nxb4 axb4 40.
Qxb4 Rxc5 41. Qd4+ Kg8 42. Kg2 Qe7 43. Rxc5 Qxc5 1/2-1/2

[Event "10th Khazar Cup International Open Chess Tournamen
[Site "Rasht"]
[Date "2012.03.05"]
[Round "8"]
[Board "1"]
[White "Korneev, Oleg"]
[Black "Abbasov, Farid"]
[Result "1/2-1/2"]
[WhiteElo "2584"]
[BlackElo "2551"]
[PlyCount "56"]
[EventDate "2012.02.29"]
[EventRounds "11"]
[EventCountry "IRI"]

1. e4 c6 2. d4 d5 3. Nc3 dxe4 4. Nxe4 Nd7 5. Ng5 Ngf6 6. Bd3 g6 7. N1f3 Bg7 8.
O-O O-O 9. Re1 b6 10. Ne5 Bb7 11. Qf3 e6 12. Qh3 Qe7 13. Nexf7 Rxf7 14. Rxe6
Qf8 15. Bc4 Qb4 16. Bb3 Raf8 17. c3 Qb5 18. Nxf7 Rxf7 19. Rxf6 Nxf6 20. Qe6 Nd5
21. c4 Qb4 22. cxd5 cxd5 23. Be3 Bxd4 24. Bxd5 Bxd5 25. Qxd5 Bxe3 26. fxe3 Qxb2
27. Rf1 Qg7 28. Qc4 Qf8 1/2-1/2

[Event "10th Khazar Cup International Open Chess Tournamen
[Site "Rasht"]
[Date "2012.03.05"]
[Round "8"]
[Board "1"]
[White "Azaladze, Shota"]
[Black "Pantsulaia, Levan"]
[Result "1/2-1/2"]
[WhiteElo "2403"]
[BlackElo "2592"]
[PlyCount "111"]
[EventDate "2012.02.29"]
[EventRounds "11"]
[EventCountry "IRI"]

1. e4 c5 2. Nf3 Nf6 3. e5 Nd5 4. Nc3 Nc7 5. d4 cxd4 6. Qxd4 Nc6 7. Qe4 e6 8.
Be3 f5 9. exf6 gxf6 10. Qh4 Qe7 11. O-O-O d5 12. Qg3 Qf7 13. Nb5 Nxb5 14. Bxb5
a6 15. Bxc6+ bxc6 16. Rhe1 Rg8 17. Qh4 e5 18. Qa4 Bd7 19. Qa5 Rxg2 20. Bc5 Bxc5
21. Qxc5 Qe7 22. Qe3 Rb8 23. a3 Kf7 24. Qh6 Rbg8 25. Nh4 R2g4 26. f3 R4g7 27.
Qh5+ Kf8 28. Nf5 Bxf5 29. Qxf5 Kf7 30. Qh5+ Ke6 31. Qh3+ Kd6 32. Qh4 Rg2 33.
Qb4+ Ke6 34. Qc3 Qd6 35. f4 R2g4 36. fxe5 fxe5 37. Qh3 Qe7 38. Kb1 Kd6 39. Qd3
a5 40. Qc3 a4 41. Qa5 Rc4 42. Rd3 h5 43. Qa6 Qh4 44. Red1 Rc5 45. Qa7 Qxh2 46.
Qxa4 Rg1 47. Rxg1 Qxg1+ 48. Ka2 Qg4 49. Qa8 Rxc2 50. Qf8+ Ke6 51. Qe8+ Kd6 52.
Qf8+ Ke6 53. Qe8+ Kf5 54. Qf7+ Ke4 55. Qh7+ Kf4 56. Qf7+ 1/2-1/2

[Event "10th Khazar Cup International Open Chess Tournamen
[Site "Rasht"]
[Date "2012.03.05"]
[Round "8"]
[Board "1"]
[White "Alavi, Sayed Javad"]
[Black "Babujian, Levon"]
[Result "0-1"]
[WhiteElo "2442"]
[BlackElo "2474"]
[PlyCount "104"]
[EventDate "2012.02.29"]
[EventRounds "11"]
[EventCountry "IRI"]

1. d4 Nf6 2. c4 c5 3. d5 b5 4. cxb5 a6 5. bxa6 g6 6. Nf3 Bg7 7. g3 O-O 8. Bg2
d6 9. O-O Bxa6 10. Nc3 Nbd7 11. Rb1 Qc7 12. b3 Rfb8 13. Qc2 Rb4 14. Rd1 Ng4 15.
Bd2 Qa7 16. h3 Nge5 17. Nxe5 Nxe5 18. a3 Rb7 19. Bf1 Rab8 20. Kg2 Qa8 21. Bc1
Rc7 22. f4 Nd7 23. a4 Rb4 24. Ba3 Bb7 25. Kh2 Nb6 26. Bg2 Rc8 27. e3 Nd7 28.
Bf1 Nb6 29. Bg2 Nd7 30. Qd2 Rb6 31. e4 $11 Rb8 32. Bf1 Ba6 33. Qc2 h5 34. Bc1
Bxf1 35. Rxf1 Rb4 36. Bd2 c4 37. bxc4 Nc5 38. Rxb4 Rxb4 39. Nd1 Rxa4 40. Rf2
Ra2 41. Qb1 Qa4 42. f5 Kh7 43. fxg6+ fxg6 44. Ne3 Rb2 45. Qh1 Qa2 46. Qg2 Nd3
47. Nd1 Nxf2 48. Nxb2 Bd4 49. Qf3 Kg8 50. Bc1 Qb1 51. Nd1 Qxc1 52. Nxf2 Qf1 0-1

[Event "10th Khazar Cup International Open Chess Tournamen
[Site "Rasht"]
[Date "2012.03.05"]
[Round "8"]
[Board "1"]
[White "Iskandarov, Misratdin"]
[Black "Toufighi, Homayoon"]
[Result "1-0"]
[WhiteElo "2305"]
[BlackElo "2444"]
[PlyCount "121"]
[EventDate "2012.02.29"]
[EventRounds "11"]
[EventCountry "IRI"]

1. e4 e6 2. d3 d5 3. Nd2 Nf6 4. Ngf3 b6 5. Qe2 dxe4 6. Nxe4 Nbd7 7. g3 Nxe4 8.
Qxe4 Rb8 9. Bg2 Bb7 10. Qe2 Be7 11. O-O Bf6 12. d4 O-O 13. Bf4 Qc8 14. Rfe1 Bd5
15. Ng5 Bxg2 16. Kxg2 Qb7+ 17. Kg1 Bxg5 18. Bxg5 Rbe8 19. Bf4 h6 20. Rad1 Nf6
21. c4 Rd8 22. Rd3 Rfe8 23. b3 a6 24. Qe5 Nd7 25. Qxc7 Qxc7 26. Bxc7 Rc8 27.
Bf4 b5 28. Rc1 Nb6 29. Rdc3 Rc6 30. d5 exd5 31. cxb5 Rxc3 32. Rxc3 axb5 33. Rc5
b4 34. Rb5 Nd7 35. Rxb4 Re2 36. a4 g5 37. Be3 Ne5 38. Kf1 Rb2 39. a5 Nc6 40.
Ra4 Rxb3 41. a6 Rb1+ 42. Kg2 Rb8 43. a7 Ra8 44. Bc5 Kg7 45. Ra6 Nd8 46. Bb6 Ne6
47. Ra1 d4 48. Kf3 Kf6 49. Ke4 Ke7 50. Bxd4 Kd6 51. Be3 Nc7 52. Kf5 Nd5 53. Bd4
Ne7+ 54. Kf6 Nc6 55. Ra6 Kd5 56. Be3 g4 57. Kxf7 Ne5+ 58. Kf6 Nc6 59. Kg6 Ne5+
60. Kxh6 Ke4 61. Rb6 1-0

[Event "10th Khazar Cup International Open Chess Tournamen
[Site "Rasht"]
[Date "2012.03.06"]
[Round "9"]
[Board "1"]
[White "Quparadze, Giga"]
[Black "Korneev, Oleg"]
[Result "1/2-1/2"]
[WhiteElo "2451"]
[BlackElo "2584"]
[PlyCount "23"]
[EventDate "2012.02.29"]
[EventRounds "11"]
[EventCountry "IRI"]

1. e4 e5 2. Nf3 Nc6 3. Bb5 Nf6 4. d3 Bc5 5. O-O Nd4 6. Nxd4 Bxd4 7. c3 Bb6 8.
Nd2 c6 9. Ba4 d6 10. Nf3 h6 11. h3 O-O 12. Bb3 1/2-1/2

[Event "10th Khazar Cup International Open Chess Tournamen
[Site "Rasht"]
[Date "2012.03.06"]
[Round "9"]
[Board "1"]
[White "Golizadeh, Asghar"]
[Black "Tiviakov, Sergei"]
[Result "0-1"]
[WhiteElo "2464"]
[BlackElo "2677"]
[PlyCount "58"]
[EventDate "2012.02.29"]
[EventRounds "11"]
[EventCountry "IRI"]

1. e4 e6 2. d4 d5 3. Nc3 dxe4 4. Nxe4 Nd7 5. Nf3 Ngf6 6. Nxf6+ Nxf6 7. c3 Be7
8. Qa4+ c6 9. Qc2 b6 10. Bd3 Bb7 11. Be3 Qc7 12. O-O O-O 13. Rad1 c5 14. Ne5
Bd6 15. Bg5 cxd4 16. Bxf6 gxf6 17. Bxh7+ Kg7 18. Rxd4 fxe5 19. Qd2 exd4 20.
Qg5+ Kh8 21. Qf6+ Kxh7 22. Qh4+ Kg6 23. Qg4+ Kf6 24. Qh4+ Ke5 25. Re1+ Kd5 26.
Qe4+ Kc5 27. h4 Kc4 28. Qe2+ d3 29. Qd1 Kb5 0-1

[Event "10th Khazar Cup International Open Chess Tournamen
[Site "Rasht"]
[Date "2012.03.06"]
[Round "9"]
[Board "1"]
[White "Abbasov, Farid"]
[Black "Idani, Pouya"]
[Result "0-1"]
[WhiteElo "2551"]
[BlackElo "2448"]
[PlyCount "104"]
[EventDate "2012.02.29"]
[EventRounds "11"]
[EventCountry "IRI"]

1. d4 Nf6 2. c4 e6 3. a3 d5 4. Nc3 Be7 5. cxd5 exd5 6. Bg5 c6 7. Qc2 g6 8. f3
Bf5 9. Qd2 O-O 10. e3 Re8 11. Nge2 Nbd7 12. Ng3 Be6 13. Bd3 c5 14. O-O cxd4 15.
exd4 Qb6 16. Be3 Nf8 17. Kh1 Rad8 18. Bg1 N6d7 19. Rac1 Rc8 20. Nge2 Qd8 21.
Nb5 a6 22. Rxc8 Qxc8 23. Rc1 Qb8 24. Nc7 Rc8 25. Nxe6 Rxc1 26. Qxc1 Nxe6 27.
Bb1 b5 28. Qc6 Nb6 29. Ba2 Qd6 30. Qb7 Nc4 31. Bxc4 bxc4 32. Nc3 Nc7 33. h3 f5
34. a4 f4 35. Bf2 Bd8 36. Qb8 Kf7 37. Qb7 Ke8 38. Qb8 Kd7 39. a5 Qc6 40. Qb4
Be7 41. Qb8 Bd8 42. Qb4 Ne6 43. Kg1 Bc7 44. Na4 Qb5 45. Qxb5+ axb5 46. a6 Kc6
47. Nc5 Nxc5 48. dxc5 Bb8 49. Kf1 b4 50. Ke2 Kb5 51. Be1 b3 52. c6 Kxa6 0-1

[Event "10th Khazar Cup International Open Chess Tournamen
[Site "Rasht"]
[Date "2012.03.06"]
[Round "9"]
[Board "1"]
[White "Sharbaf, Mohsen"]
[Black "Mammadov, Ayaz"]
[Result "1-0"]
[WhiteElo "2387"]
[BlackElo "2404"]
[PlyCount "131"]
[EventDate "2012.02.29"]
[EventRounds "11"]
[EventCountry "IRI"]

1. Nf3 d5 2. b3 Nf6 3. Bb2 Nbd7 4. e3 e6 5. d4 c6 6. Bd3 Qc7 7. Nbd2 Bd6 8. O-O
O-O 9. c4 b6 10. Re1 Bb7 11. e4 dxe4 12. Nxe4 Be7 13. Ne5 Nxe4 14. Rxe4 Nxe5
15. Rxe5 Bf6 16. Rh5 g6 17. Qg4 Bg7 18. Rh4 c5 19. Qh3 h5 20. Re1 Rad8 21. g4
hxg4 22. Rxg4 Qc6 23. d5 exd5 24. Bxg7 Kxg7 25. Bxg6 fxg6 26. Re7+ Rf7 27.
Rxf7+ Kxf7 28. Qh7+ Ke8 29. Rxg6 Qxg6+ 30. Qxg6+ Kd7 31. Qf7+ Kc8 32. cxd5 Bxd5
33. Qxa7 Rg8+ 34. Kf1 Rg6 35. Qe7 Re6 36. Qf8+ Kd7 37. h4 c4 38. Qf5 Kc6 39.
bxc4 Bxc4+ 40. Kg2 Bd5+ 41. Kg3 Kd6 42. a3 Re5 43. Qf4 Ke6 44. Qb4 Rf5 45.
Qxb6+ Kf7 46. f4 Be6 47. Qc7+ Kf6 48. Qd8+ Kf7 49. Qc7+ Kf6 50. Qc3+ Kf7 51. a4
Rd5 52. a5 Bf5 53. a6 Rd3+ 54. Qxd3 Bxd3 55. a7 Be4 56. f5 Kf6 57. Kf4 Ba8 58.
h5 Bb7 59. h6 Bh1 60. Ke3 Kf7 61. Kd4 Kf6 62. Kc5 Kf7 63. Kd6 Bf3 64. h7 Kg7
65. f6+ Kxh7 66. f7 1-0

[Event "10th Khazar Cup International Open Chess Tournamen
[Site "Rasht"]
[Date "2012.03.06"]
[Round "9"]
[Board "1"]
[White "Babayev, Talib"]
[Black "Benidze, Davit"]
[Result "0-1"]
[WhiteElo "2344"]
[BlackElo "2516"]
[PlyCount "54"]
[EventDate "2012.02.29"]
[EventRounds "11"]
[EventCountry "IRI"]

1. e4 c5 2. Nf3 d6 3. d4 cxd4 4. Nxd4 Nf6 5. Nc3 Nc6 6. Bc4 e6 7. Bb3 a6 8. Be3
Qc7 9. f4 Na5 10. Qf3 b5 11. O-O-O Nxb3+ 12. axb3 Bb7 13. b4 Rc8 14. Rd2 Qc4
15. g4 d5 16. f5 dxe4 17. Qg3 Bxb4 18. fxe6 Bxc3 19. exf7+ Kxf7 20. bxc3 Qxc3
21. Kb1 Bd5 22. Rf1 Qb4+ 23. Nb3 Bxb3 24. cxb3 Qxb3+ 25. Ka1 Qc3+ 26. Kb1 Qc4
27. Rd7+ Kg6 0-1

[Event "10th Khazar Cup International Open Chess Tournamen
[Site "Rasht"]
[Date "2012.03.06"]
[Round "9"]
[Board "1"]
[White "Khademalsharieh, Sarasadat"]
[Black "Paichadze, Luka"]
[Result "1/2-1/2"]
[WhiteElo "2230"]
[BlackElo "2491"]
[PlyCount "96"]
[EventDate "2012.02.29"]
[EventRounds "11"]
[EventCountry "IRI"]

1. d4 Nf6 2. Nf3 e6 3. c4 Nc6 4. Nc3 Bb4 5. Qc2 d6 6. a3 Bxc3+ 7. Qxc3 Qe7 8.
b4 O-O 9. e3 e5 10. dxe5 Nxe5 11. Nxe5 dxe5 12. Bb2 Re8 13. Bd3 Bg4 14. f3 Bh5
15. O-O Bg6 16. Be2 Nd7 17. c5 $11 c6 18. Rfd1 f6 19. Rd6 Nf8 20. Rad1 a6 21.
a4 Bf7 22. b5 axb5 23. axb5 Rec8 24. Qb4 cxb5 25. Bxb5 Qc7 26. Rc1 Qa5 27. Qxa5
Rxa5 28. Rb6 Bd5 29. c6 Bxc6 30. Bxc6 bxc6 31. Rcxc6 Rxc6 32. Rxc6 h5 33. f4
exf4 34. exf4 Ng6 35. g3 Ne7 36. Rb6 Nf5 37. Kf2 Rc5 38. Re6 Rb5 39. Re2 Rb3
40. Bc1 Kf7 41. Kg2 h4 42. Rb2 Rc3 43. Bd2 Rd3 44. g4 h3+ 45. Kf2 Nh6 46. Rb7+
Kg8 47. Ke2 Rd8 48. g5 Ng4 1/2-1/2

[Event "10th Khazar Cup International Open Chess Tournamen
[Site "Rasht"]
[Date "2012.03.06"]
[Round "9"]
[Board "1"]
[White "Toufighi, Homayoon"]
[Black "Noroozi, Omid"]
[Result "1-0"]
[WhiteElo "2444"]
[BlackElo "2314"]
[PlyCount "87"]
[EventDate "2012.02.29"]
[EventRounds "11"]
[EventCountry "IRI"]

1. d4 d5 2. Nf3 Nf6 3. Bf4 e6 4. e3 Bd6 5. Bg3 O-O 6. Bd3 c5 7. c3 Nc6 8. Nbd2
Qe7 9. Ne5 Nd7 10. Nxd7 Bxd7 11. Bxd6 Qxd6 12. dxc5 Qxc5 13. Bxh7+ Kxh7 14.
Qh5+ Kg8 15. Ne4 Qb5 16. Ng5 Rfd8 17. Qxf7+ Kh8 18. O-O-O Qc4 19. a3 Qh4 20. f4
Ne5 21. Qe7 Ng6 22. Nf7+ Kg8 23. Qxh4 Nxh4 24. Nxd8 Rxd8 25. g3 Nf5 26. e4 Ne3
27. Rd4 Bc6 28. Re1 Ng4 29. exd5 exd5 30. h3 Nf2 31. Rd2 Nxh3 32. Rh1 Bd7 33.
Rxd5 Nf2 34. Re1 Re8 35. Kd2 Bc6 36. Rxe8+ Bxe8 37. Ke3 Ng4+ 38. Kd4 Bc6 39.
Rg5 Nf2 40. b4 Ne4 41. b5 Nxg5 42. bxc6 Ne6+ 43. Ke5 Kf7 44. cxb7 1-0